000 00863cab a2200217 4500
001 ABS68535
008 041210n2004 000 0 eng u
035 _a(Sirsi) u128277
245 _aVectorisation of Index Map comes in under budget and on time
260 _c2004
490 _aGeomatics World
_v13(1) November/December 2004, 36-37(2)
520 _aExplains how the Land Registry met e-government targets to digitise over 21m land titles which were, until recently, indexed through 450 000 paper index maps - large scale segments of Ordnance Survey mapping referenced with ownership details. The Index Map Vectorisation was started five years ago.
590 _aABS
650 _aMAPPING
650 _aDIGITISATION
650 _aVECTOR DIGITIZING
650 _aLAND REGISTER
650 _aTITLE TO LAND
690 _aGeomatics
_96242
942 _n0
999 _c74661
_d74661